Hamburgers & fries : an American story /

Bibliographic Details
Main Author: Edge, John T.
Format: Book
Language:English
Published: New York : G.P. Putnam's Sons, 2005.
Subjects:

MARC

Tag First Indicator Second Indicator Subfields
LEADER 00000pam a22000004a 4500
001 in00002059721
005 20151102050548.0
008 050202s2005 nyu 000 0 eng
010 |a  2005043104 
020 |a 0399152741 (alk. paper) 
035 |a (OCoLC)ocm57594121 
040 |a DLC  |c DLC  |d UtOrBLW 
042 |a pcc 
049 |a TXAM 
050 0 0 |a TX749.5.B43  |b E335 2005 
082 0 0 |a 394.1/2/0973  |2 22 
100 1 |a Edge, John T. 
245 1 0 |a Hamburgers & fries :  |b an American story /  |c John T. Edge. 
246 3 |a Hamburgers and fries 
264 1 |a New York :  |b G.P. Putnam's Sons,  |c 2005. 
300 |a 192 pages ;  |c 19 cm. 
336 |a text  |b txt  |2 rdacontent 
337 |a unmediated  |b n  |2 rdamedia 
338 |a volume  |b nc  |2 rdacarrier 
650 0 |a Cooking (Beef) 
650 0 |a Hamburgers. 
650 0 |a French fries. 
945 |i PromptCat 
946 |a west,stk 
947 |a A14832666392 
994 |a 92  |b TXA 
948 |a cataloged  |b h  |c 2005/8/10  |d c  |e rbarron  |f 12:19:18 pm 
999 |a MARS 
999 f f |s cf75f6c1-84d2-36e7-b62c-67514f6ec013  |i 4a128ff7-544f-331e-a788-ed53f3b3cf12  |t 0 
952 f f |p ric  |a Texas A&M University  |b Rellis Campus  |c Joint Library Facility  |d Remote Storage  |t 0  |e TX749.5.B43 E335 2005  |h Library of Congress classification  |i unmediated -- volume  |m A14832666392 
998 f f |a TX749.5.B43 E335 2005  |t 0  |l Remote Storage